000 00497nam a2200169 4500
001 109057
003 ES-MaACL
005 20230906184751.0
007 t|
008 061121s1972 sp r ||||1| spa d
100 1 _aMoya Trilla, José.
_983978
245 1 1 _a¿Hablamos de su hijo?
_b: Psicología infantil para padres /
_cJosé Moya Trilla.
250 _a1ª. ed.
260 _aBarcelona :
_bLeopoldo Martínez,
_c1972.
300 _a134 p. ;
_c23 cm.
852 _aES-MaACL
_jC-48386
_bR.84408
999 _c109057
_d109057